Public relations the complete guide

Tallennettuna:
Bibliografiset tiedot
Päätekijä: Marconi, Joe
Aineistotyyppi: Kirja
Kieli:Undetermined
Julkaistu: Mason, Ohio South-Western:American Marketing Association 2004
Aiheet:
Linkit:http://lrc.tdmu.edu.vn/opac/search/detail.asp?aID=2&ID=7467
Tagit: Lisää tagi
Ei tageja, Lisää ensimmäinen tagi!
Thư viện lưu trữ: Trung tâm Học liệu Trường Đại học Thủ Dầu Một
LEADER 00634nam a2200205Ia 4500
001 TDMU_7467
008 210410s9999 xx 000 0 und d
082 |a 659.2 
090 |b M109 
100 |a Marconi, Joe 
245 0 |a Public relations 
245 4 |b the complete guide 
245 0 |c Joe Marconi 
260 |a Mason, Ohio 
260 |b South-Western:American Marketing Association 
260 |c 2004 
300 |a 386 p 
650 |a Public relations; Corporations   |x Public relations 
856 |u http://lrc.tdmu.edu.vn/opac/search/detail.asp?aID=2&ID=7467 
980 |a Trung tâm Học liệu Trường Đại học Thủ Dầu Một